000 00319nam a22001457a 4500
003 SGT
020 _a9789390735594
082 _a346.022
_bSRI
100 _aSRIVASTAVA S S
245 _aLAW OF CONTRACT I & II
250 _a7
260 _aPRAYAGRAJ
_bCENTRAL LAW PUBLICATION
_c2023
300 _a863
942 _2ddc
_cBK
999 _c34095
_d34095